000 00463nam a2200169Ia 4500
005 20250326124047.0
008 250326s9999 xx 000 0 und d
037 _aTextbook
040 _aFMSL
_beng
_cFMSL
041 _aeng
_2eng
084 _aX.1P20 N7
_qFMSL
245 0 _aWorld in 2020: towards a new global age
260 _aNew Delhi
_bNew Delhi, Oxford IBH
_c1997
300 _a141p
942 _cTB
_hX.1P20 N7
999 _c1272099
_d1272099